000
00275nam a22000977a 4500
005
20250901165417.0
008
210325b ||||| |||| 00| 0 eng d
050
_a
HF5823 .B45 1990
245
_a
Introduction to advertising and promotion management
_c
BELCH, GEORGE E.
942
_2
lcc
999
_c
3537
_d
3537